| 000 | 01412nam0a2200337 4500 | ||
|---|---|---|---|
| 001 | RU\NLR\bibl\1300147 | ||
| 005 | 20250615150844.0 | ||
| 010 |
_a5-98596-005-6 _95000 |
||
| 021 |
_aRU _b2008-75666 _94362 |
||
| 035 | _a(NLR Aleph) 001285742 | ||
| 090 |
_a527527 _c527527 |
||
| 100 | _a20081129d2008 |||y0rusy50 ca | ||
| 101 | 0 | _arus | |
| 102 | _aRU | ||
| 105 | _aa ||||||||| | ||
| 200 | 1 |
_aКто есть кто в Большой Сибири _iХанты-Мансийский автономный округ. Югра _e[179 имен _fтексты: Жанна Вороная и др.] |
|
| 205 | _aПилот. изд. | ||
| 210 |
_aТомск _cАгентство межсферных коммуникаций Сибирский проект _d2008 |
||
| 215 |
_a379 с. _cцв. ил., портр. _d34 |
||
| 320 | _aОтрасл. указ.: с. 374-376 | ||
| 320 | _aУказ. орг.: с. 377-378 | ||
| 320 | _aИмен. указ.: с. 379 | ||
| 517 | 0 | _aЮгра | |
| 607 |
_aХанты-Мансийский автономный округ-Югра _xДеятели _92548917 _3RU\NLR\auth\661508432 |
||
| 686 | _aТ3(2Р-4Тю-6Х)74-8 | ||
| 702 | 1 |
_aВороная _bЖ. _gЖанна _4220 |
|
| 801 | 0 |
_aRU _bNLR _c20081129 _gRCR |
|
| 801 | 1 |
_aRU _bNLR _c20081129 |
|
| 942 | _cBOOK | ||
| 980 | _aNB | ||